|
|
|
|
| LEADER |
00000nab a2200000uu 4500 |
| 001 |
vtls011130575 |
| 003 |
SK-MaSNL |
| 005 |
20260227131957.0 |
| 008 |
211119|1926 xo |||||||||||||||||cze| |
| 015 |
|
|
|a SNBRB
|
| 035 |
|
|
|a (uuid)1789acf7-d99a-43ad-9884-3077a6fa45e5
|
| 035 |
|
|
|a (urnnbn)urn:nbn:sk:snk:ar-a09kdy
|
| 035 |
|
|
|a urn:nbn:sk:snk-aba8ch
|
| 040 |
|
|
|a SNKBUCL
|b slo
|c SNKBUCL
|e AACR2
|
| 041 |
0 |
|
|a cze
|
| 044 |
|
|
|a xo
|c SK
|
| 245 |
0 |
0 |
|a Relativnost typů chorob a jejich vztah k určitým vlivům choroboplodným
|
| 773 |
0 |
|
|t Časopis pro zdravotnictvo
|g Roč. 17, č. 8 (1926), s. 10-13
|
| 958 |
|
|
|a ONDV
|
| 958 |
|
|
|a article13
|
| 999 |
|
|
|c 2625726
|d 2627656
|